000 00878nam a22003257a 4500
001 BR7601296
003 BR-BrBNA
005 20230928084926.0
007 ta
008 230509b bl.||||| |||| 00| 0 por d
040 _aBR-BrBNA
_bpor
_cBiblioteca Nacional de Agricultura
041 _a(Por)
072 _aE30; E10; E70
_b1300
_b0600
_b/G514
090 _ 1300 BR7601296
110 1 _aSecretaria da Agricultura do Estado de Mato Grosso, Cuiaba (Brasil)
_98213
245 1 _aProjeto horticultura [Mato Grosso; Brasil]
260 3 _aCuiaba, MT (Brasil):
_c1975.
300 _a33 p.
500 _a15 tables
650 _aHORTALICA
650 _aFRUTA
650 _aHORTICULTURA
650 _aPROJETO AGRICOLA
650 _aCUSTO
650 _aABASTECIMENTO
650 _aPRECO
650 _aMATO GROSSO
909 _a202309
_bLucia
_c55
_dLucia Elande
942 _cBK
999 _c21902
_d21902